Danka a Janka. Danka a Janka v rozprávke

Bibliographic Details
Main Author: Ďuríčková, Mária, 1919-2004 (Author)
Other Authors: Cebecauerová, Mária (gup), Plocháňová, Božena, 1929-2020 (Illuminator)
Format: Book
Language:Slovak
PhysicalDescription:88 s., 5,84 AH, 5,98 VH 24 cm
Published: Bratislava Mladé letá 1992
ISBN:8006004978
Edition:3. spoloč. vyd.
Series:Klub mladých čitateľov
Subjects:

MARC

LEADER 00000nam a2200000 a 4500
001 vtls001070576
003 SK-MaSNL
005 20260301110934.0
008 201120s1992 xo 0 slo
015 |a SNBA1993/02 
020 |a 8006004978  |c 42 Kčs 
035 |a SNK000013407 
040 |a SNK  |b slo  |c SNK  |e AACR2 
041 0 |a slo 
044 |a xo  |c SK 
080 |a 885.4-3(087.5)  |2 1981 
080 |a 82  |2 1981 
080 |a 37  |2 1981 
100 1 |a Ďuríčková, Mária,  |d 1919-2004  |4 aut  |9 200338 
245 1 0 |a Danka a Janka. Danka a Janka v rozprávke  |c Mária Ďuríčková ; Graf. upr. Mária Cebecauerová ; Ilustr. Božena Plocháňová 
250 |a 3. spoloč. vyd. 
260 |a Bratislava  |b Mladé letá  |c 1992  |e Banská Bystrica  |f Tlačiarne BB 
300 |a 88 s., 5,84 AH, 5,98 VH  |c 24 cm 
490 0 |a Klub mladých čitateľov 
500 |a Ilustr. na tit. liste 
655 7 |a slovenské rozprávky  |2 SNKPH  |9 70528 
655 7 |a publikácie pre deti a mládež  |2 SNKPH  |9 70541 
655 7 |a autorské rozprávky  |2 SNKPH  |9 70727 
700 1 |a Cebecauerová, Mária  |4 gup  |9 277579 
700 1 |a Plocháňová, Božena,  |d 1929-2020  |4 ilu  |9 88102 
919 |a 80-06-00497-8 
958 |a LX 
958 |a DB 
958 |a TL 
999 |c 704857  |d 706787 
952 |t P60, <05>, [BOOK], {605}  |a SNK  |b SNK  |y PREZ  |7 0  |p 17A0229297  |o snkSC 83154 D1  |0 0  |1 0  |4 0  |d 2000-03-03  |l 0  |r 2004-12-31 00:00:00  |w 2026-02-23 
952 |a SNK  |b SNK  |y PREZ  |7 0  |p 17A0966453  |o snkSC 83154   |0 0  |1 0  |4 0  |d 2012-08-15  |l 0  |r 2025-08-20 00:00:00  |w 2026-02-23